NBA: Top 50 Active Players: Points - Statistics

General Stats
  • This quiz has been taken 801 times
    41 since last reset
  • The average score is 34 of 50
Answer Stats
# Player Points % Correct
2 Kevin Durant 32,597
100%
1 LeBron James 43,440
100%
3 James Harden 29,339
97%
5 DeMar DeRozan 26,711
94%
6 Stephen Curry 26,528
94%
8 Giannis Antetokounmpo 21,531
91%
36 Jayson Tatum 14,132
91%
33 Jeff Green 14,480
91%
14 Nikola Jokić 18,009
91%
4 Russell Westbrook 27,176
91%
9 Anthony Davis 19,385
88%
16 Klay Thompson 17,346
85%
31 Luka Dončić 15,021
85%
7 Damian Lillard 22,598
82%
37 Joel Embiid 13,544
82%
22 Kawhi Leonard 16,546
82%
11 Kyrie Irving 18,433
82%
40 Shai Gilgeous-Alexander 13,411
82%
39 Jaylen Brown 13,474
79%
24 Karl-Anthony Towns 16,384
79%
10 Paul George 19,338
79%
12 Brook Lopez 18,151
73%
27 Donovan Mitchell 15,272
73%
21 Jimmy Butler 16,658
73%
34 Zach LaVine 14,338
73%
13 Devin Booker 18,120
70%
50 Jamal Murray 11,528
70%
46 Trae Young 12,489
70%
30 Al Horford 15,077
64%
18 Jrue Holiday 17,287
64%
20 Mike Conley 16,715
61%
43 De'Aaron Fox 12,735
58%
35 Eric Gordon 14,167
58%
29 Julius Randle 15,184
58%
38 Khris Middleton 13,541
58%
25 Kyle Lowry 16,373
58%
42 Pascal Siakam 12,810
58%
19 CJ McCollum 16,838
55%
26 Kevin Love 15,669
45%
23 Tobias Harris 16,440
45%
48 Andre Drummond 11,696
42%
28 Andrew Wiggins 15,214
42%
17 Bradley Beal 17,306
42%
32 Harrison Barnes 14,572
42%
49 Nicolas Batum 11,553
39%
15 Nikola Vučević 17,684
39%
41 Jonas Valančiūnas 12,846
30%
45 Dennis Schröder 12,494
21%
44 Jordan Clarkson 12,651
21%
47 Tim Hardaway Jr. 12,230
21%
No matching quizzes found
Score Distribution
Percent of People with Each Score
Percentile by Number Answered
Your Score History
You have not taken this quiz since the last reset